000 00806nam a2200253Ia 4500
003 OSt
005 20221005061944.0
006 a|||||r|||| 00| 0
007 ta
008 221004b |||||||| |||| 00| 0 eng d
020 _a9780415667579 (hbk)
_cUKP 110.00
024 _a34530
037 _b027, 07/09/2017, Classic Book Service
_cTextual
040 _aCRL
_cCRL
_beng
041 _2eng
_aeng
082 _aZ1, Q6
100 _aO'Bannon Brett R. Ed.
_9601305
245 0 _aReassessing the responsibility to protect
_b conceptual and operational challenges
260 _aLondon
_bRoutledge UK
_c2016
300 _ax,166p.
_ccm.
650 _aINTERNATIONAL LAW
942 _hZ1, Q6
_cTEXL
_2cc
999 _c969008
_d969008